000 00587nam a2200181 i 4500
001 28491
003 ES-MaACL
005 20250828031222.0
007 t|
008 030117s1906 sp ||||1| spa d
100 1 _aBaets, Maurice.
_924603
245 1 4 _aLas bases de la moral y del derecho /
_cMaurice Baets ; versión castellana, prólogo y notas de Genaro González Carreño.
260 _aMadrid :
_b[s.n.],
_c1906 (
_fImprenta Helénica)
300 _aXXV, 437 p. ;
_c22 cm.
700 1 _aGonzález Carreño, Genaro
_958492
852 _aES-MaACL
_jD-202
999 _c28491
_d28491